Detection of genetic diversity using RAPD-PCR and sugar analysis in watermelon [Citrullus lanantus(Thunb.) Mansf] germplasm (Record no. 56858)

MARC details
000 -LEADER
fixed length control field 00518nam a2200181Ia 4500
100 ## - MAIN ENTRY--AUTHOR NAME
Personal name Lee S J
245 #0 - TITLE STATEMENT
Title Detection of genetic diversity using RAPD-PCR and sugar analysis in watermelon [Citrullus lanantus(Thunb.) Mansf] germplasm
260 ## - PUBLICATION, DISTRIBUTION, ETC. (IMPRINT)
Name of publisher Theoretical and Applied Genetics
Year of publication 1996
300 ## - PHYSICAL DESCRIPTION
Number of Pages 719-725
650 ## - SUBJECT ADDED ENTRY--TOPICAL TERM
Topical Term HPLC
650 ## - SUBJECT ADDED ENTRY--TOPICAL TERM
Topical Term RAPD-PCR
650 ## - SUBJECT ADDED ENTRY--TOPICAL TERM
Topical Term Watermelon
700 ## - ADDED ENTRY--PERSONAL NAME
Personal name Hong Y P
700 ## - ADDED ENTRY--PERSONAL NAME
Personal name Park K W
700 ## - ADDED ENTRY--PERSONAL NAME
Personal name Shin J S
942 ## - ADDED ENTRY ELEMENTS (KOHA)
Koha item type Journals
Holdings
Withdrawn status Lost status Damaged status Not for loan Home library Current library Shelving location Date acquired Serial Enumeration / chronology Koha item type
      Journals RRII Library RRII Library RAPD 17/12/2021 Volume 92, Issue 6 Journals